000 01086nam2a2200265 4500
001 rc\2960705
005 20260315061010.0
035 _a(NLR Aleph) 007107403
090 _a13604911
_c13604911
100 _a20110902d1937 u y0rusy50 ca
101 0 _arus
102 _aRU
105 _ay z |||||
200 1 _aМагазин сельпо
210 _d1937
215 _a30 с.
_d31 см
225 1 _aОтдел материально-технического снабжения
_fЦентросоюз СССР и РСФСР
_vт. 36
300 _aПояснит. записка и смета
300 _aРазработан проектной конторой "Мосхлебпромстроя". Утвержден президиум. Центросоюза 9/XII 1936 г.
461 0 _1001rc\2960704
_12001#$aТиповой проект № 1-$v№ 1
_96732637
_aЦентросоюз
_cМосква
_d1937
_nБ. и.
_tТиповой проект № 1-
_v№ 1
801 0 _aRU
_bNLR
_gpsbo
801 1 _aRU
_bELAR
_2rusmarc
852 _aNLR
_j37-20/37
942 _cUNSPEC
980 _aNB